LIBRARY & INFORMATION CENTRE, KCAET, TAVANUR

ONLINE PUBLIC ACCESS CATALOGUE (OPAC)

Small four-wheel tractors for the tropics and subtropics: Their role in agricultural and industrial development / (Record no. 11114)

MARC details
000 -LEADER
fixed length control field 00516cam a2200169ua 4500
020 ## - INTERNATIONAL STANDARD BOOK NUMBER
ISBN 3-8236-1161-5
041 ## - LANGUAGE CODE
Language code of text/sound track or separate title eng
082 ## - DEWEY DECIMAL CLASSIFICATION NUMBER
Classification number 631.372
Item number HOI/SM
100 ## - MAIN ENTRY--AUTHOR NAME
Personal name Holtkamp, Rudolf .
245 ## - TITLE STATEMENT
Title Small four-wheel tractors for the tropics and subtropics: Their role in agricultural and industrial development /
260 ## - PUBLICATION, DISTRIBUTION, ETC. (IMPRINT)
Place of publication Karben :
Name of publisher F M Druck ,
Year of publication 1990.
300 ## - PHYSICAL DESCRIPTION
Number of Pages 250 ; .
942 ## - ADDED ENTRY ELEMENTS (KOHA)
Koha item type Books
Holdings
Withdrawn status Lost status Damaged status Home library Current library Date acquired Full call number Accession Number Koha item type
      KAUAET KAUAET 07/04/2012 631.372 19451 Books
free website counter